000 00729nam a2200229 a 4500
001 49312
003 BD-RjUL
005 20211209054649.0
008 160820s1976 xxu||||| |||| 00| 0 ben d
035 _a(BD-RjUL) 49431
040 _aBD-RjUL
_bben
_cBD-RjUL
041 _aben
082 _223
_a891.443
_bKHA 1976
100 1 0 _aখান, রাজিয়া
_9148113
245 1 0 _aঅনুকল্প /
_cরাজিয়া খান
250 _a২য় সং.
260 _aঢাকা :
_bমুক্তধারা,
_c১৯৭৬
300 _a[৮] ১১০ পৃ. ;
_c১৮ সেমি.
650 _aবাংলা উপ্যাস
_9147227
650 _aBengali Fiction
_9148114
942 _2ddc
_cBK
999 _c49312
_d49312